书目信息 |
| 题名: |
中国教育改革发展二十年
|
|
| 作者: | ;中国教育学会 , 中国高等教育学会 编 | |
| 分册: | ||
| 出版信息: | 北京 北京师范大学出版社 1999 |
|
| 页数: | 562页 | |
| 开本: | 20cm | |
| 丛书名: | ||
| 单 册: | ||
| 中图分类: | G521-53 , G4 | |
| 科图分类: | ||
| 主题词: | 教育改革--中国--文集 , 教育改革 , 教育 | |
| 电子资源: | ||
| ISBN: | 7-303-05031-0 | |
| 000 | 00775nam0 2200253 450 | |
| 001 | 1548763673 | |
| 005 | 20151110134810.24 | |
| 010 | @a7-303-05031-0@dCNY26.00 | |
| 100 | @a19990803d1999 emky0chiy0110 ea | |
| 101 | 0 | @achi |
| 102 | @aCN@b110000 | |
| 105 | @ay z 000yy | |
| 200 | 1 | @a中国教育改革发展二十年@9zhong guo jiao yu gai ge fa zhan er shi nian@f中国教育学会,中国高等教育学会编 |
| 210 | @a北京@c北京师范大学出版社@d1999 | |
| 215 | @a562页@d20cm | |
| 606 | 0 | @a教育改革@y中国@x文集 |
| 606 | 0 | @a教育改革 |
| 606 | 0 | @a教育 |
| 690 | @aG521-53@v5 | |
| 690 | @aG4@v4 | |
| 711 | 02 | @a中国教育学会@9zhong guo jiao yu xue hui@4编 |
| 711 | 02 | @a中国高等教育学会@9zhong guo gao deng jiao yu xue hui@4编 |
| 801 | 0 | @aCN@bTSSF@c20150205 |
| 905 | @aZUCC@dG4@eJY608 | |
| 中国教育改革发展二十年/中国教育学会,中国高等教育学会编.-北京:北京师范大学出版社,1999 |
| 562页;20cm |
| ISBN 7-303-05031-0:CNY26.00 |
| ● |
| 相关链接 |
|
|
|
|
正题名:中国教育改革发展二十年
索取号:G4/JY608
 
预约/预借
| 序号 | 登录号 | 条形码 | 馆藏地/架位号 | 状态 | 备注 |
| 1 | 7865751 | 278657516 | 学院路分馆/ [索取号:G4/JY608] | 在馆 |